| 000 | 00415nam a22001217a 4500 | ||
|---|---|---|---|
| 020 | _a9780143469490 | ||
| 082 | _a320.1 MUK/B | ||
| 100 | _aMukherjea, Saurabh and Rajhansa, Nandita | ||
| 245 |
_aBehold the leviathan: _bthe unusual rise of modern India/ _cby Saurabh Mukherjea and Nandita Rajhansa |
||
| 260 |
_a. - Haryana _b: Penguin Random House India Ltd. _c, 2024 |
||
| 300 | _axxv+215 pages | ||
| 942 |
_2ddc _cBK |
||
| 999 |
_c750601 _d750601 |
||